ASOIAF Top 20 Peasants Quiz Stats

 Plays Quiz not verified by Sporcle

Challenge
Share
Tweet
Embed
Score 0/20 Timer 04:00
0 Plays Today
Mentions Character % Correct
271Gendry
86.6%
434Varys
83%
204Grenn
81.1%
151Pypar
80.7%
333Bronn
75.7%
182Ygritte
69.3%
198Hot Pie
68.5%
166Shae
65.4%
131Irri
65%
329Hodor
64.4%
Mentions Character % Correct
227Gilly
62.4%
281Melisandre
61.9%
202Tormund
59.8%
291Drogo
56.1%
169Craster
51.2%
170Yoren
47.4%
134Old Nan
45.3%
133Penny
36.4%
140Strong Belwas
35.6%
188Qhorin
35.1%

You're not logged in!

Compare scores with friends on all Sporcle quizzes.
OR
Log In

You Might Also Like...

Show Comments

Extras

Top Quizzes Today


Score Distribution

Your Account Isn't Verified!

In order to create a playlist on Sporcle, you need to verify the email address you used during registration. Go to your Sporcle Settings to finish the process.

Report this User

Report this user for behavior that violates our Community Guidelines.

Details: